书目信息 |
| 题名: |
子宫附件疾病中医特效疗法
|
|
| 作者: | 王晶 , 张娟 主编 | |
| 分册: | ||
| 出版信息: | 北京 中国科学技术出版社 2019.01 |
|
| 页数: | 186页, [3] 叶图版 | |
| 开本: | 24cm | |
| 丛书名: | ||
| 单 册: | ||
| 中图分类: | R271.1 | |
| 科图分类: | ||
| 主题词: | 子宫附件病--zi gong fu jian bing--中医治疗法 | |
| 电子资源: | ||
| ISBN: | 978-7-5046-7683-2 | |
| 000 | 01129nam0 2200253 450 | |
| 001 | CAL 0120192738743 | |
| 005 | 20230217093111.0 | |
| 010 | @a978-7-5046-7683-2@dCNY39.50 | |
| 100 | @a20190521d2019 em y0chiy0120 ea | |
| 101 | 0 | @achi |
| 102 | @aCN@b110000 | |
| 105 | @aaf a 000yy | |
| 106 | @ar | |
| 200 | 1 | @a子宫附件疾病中医特效疗法@Azi gong fu jian ji bing zhong yi te xiao liao fa@f主编王晶, 张娟 |
| 210 | @a北京@c中国科学技术出版社@d2019.01 | |
| 215 | @a186页, [3] 叶图版@c图@d24cm | |
| 320 | @a有书目 (第184-186页) | |
| 330 | @a本书从子宫肌瘤、子宫内膜异位症、子宫脱垂、盆腔炎性疾病后遗症、痛经、多囊卵巢综合征、子宫肌瘤、子宫脱垂、盆腔炎性疾病后遗症、痛经、多囊卵巢综合征等子宫、附件疾病的中医特色诊断和治疗方法。每种疾病均详细介绍了疾病的病因、表现、诊断与鉴别诊断、治疗原则、中医特效疗法 (内治法、外治法、诊疗体会)、西医用药、生活起居 (起居、饮食、活动、运动、服药及饮食忌口)。 | |
| 606 | 0 | @a子宫附件病@Azi gong fu jian bing@x中医治疗法 |
| 690 | @aR271.1@v5 | |
| 701 | 0 | @a王晶@Awang jing@4主编 |
| 701 | 0 | @a张娟@Azhang juan@4主编 |
| 801 | 0 | @aCN@bBJXHZP@c20230222 |
| 905 | @b1393399-402@dR271.1@e616@f4 | |
| 子宫附件疾病中医特效疗法/主编王晶, 张娟.-北京:中国科学技术出版社,2019.01 |
| 186页, [3] 叶图版:图;24cm |
| ISBN 978-7-5046-7683-2:CNY39.50 |
| 本书从子宫肌瘤、子宫内膜异位症、子宫脱垂、盆腔炎性疾病后遗症、痛经、多囊卵巢综合征、子宫肌瘤、子宫脱垂、盆腔炎性疾病后遗症、痛经、多囊卵巢综合征等子宫、附件疾病的中医特色诊断和治疗方法。每种疾病均详细介绍了疾病的病因、表现、诊断与鉴别诊断、治疗原则、中医特效疗法 (内治法、外治法、诊疗体会)、西医用药、生活起居 (起居、饮食、活动、运动、服药及饮食忌口)。 |
| ● |
| 相关链接 |
|
|
|
|
正题名:子宫附件疾病中医特效疗法
索取号:R271.1/616
 
预约/预借
| 序号 | 登录号 | 条形码 | 馆藏地/架位号 | 状态 | 备注 |
| 1 | 1393399 | 213933993 | 第二样本阅览室/ [索取号:R271.1/616] | 在馆 | |
| 2 | 1393400 | 213934000 | 第三借阅区/ [索取号:R271.1/616] | 在馆 | |
| 3 | 1393401 | 213934019 | 第三借阅区/ [索取号:R271.1/616] | 在馆 | |
| 4 | 1393402 | 213934028 | 第三借阅区/ [索取号:R271.1/616] | 在馆 |